| 000 | 00364 a2200145 4500 | ||
|---|---|---|---|
| 005 | 20250411172149.0 | ||
| 020 | _a0 582 42229 9 | ||
| 082 | _a651.7 LIT | ||
| 100 | _aLITTLE, P . | ||
| 245 | _aCommunication in Business | ||
| 250 | _a3rd Ed. | ||
| 260 |
_aLondon, _bLongman, _c1977. |
||
| 300 |
_axii, 345p.: ill.; figure, graph, _bindex, _c20cm. |
||
| 942 |
_2ddc _cBKS |
||
| 999 |
_c1341 _d1341 |
||